000 01651 a2200277 4500
003 OSt
005 20180116192351.0
008 120606t xxu||||| |||| 00| 0 eng d
020 _a1408101033 (paperback)
020 _a9781408101032 (paperback)
040 _c0
082 0 4 _a746
100 1 _aRenshaw, Lucy.
_93932
245 1 0 _aMixed media and found materials /
_cLucy Renshaw.
260 _aLondon :
_bA&C Black,
_c2010.
300 _a96 p. :
_bill;
_c24 cm.
490 1 _aTextiles handbooks.
520 _aThis book is all about experimenting with as many different colours, textures and materials as you can lay your hands on. Projects include combining fabrics, painting, printing, using wood, wallpapers and metals, to create both fashion garments and gorgeous one-off pieces for interiors. Readers will learn how to apply and adapt basic and more advanced techniques to such projects as making a fashion garment or accessory, or recovering chairs or old lampshades. This book will inspire enthusiastic beginners with limited textile skills as well as engaging more experienced makers looking for new inspiration and techniques. The book will also provide useful pointers for sourcing vintage fabrics and recycled materials as well as other reuseable components.
650 1 0 _aFound objects (Art)
_93933
650 1 0 _aMixed media textiles
_93934
650 1 0 _aTextile crafts
_93935
830 0 _aTextiles handbooks.
_93936
856 4 0 _3Amazon.com
_uhttp://www.amazon.com/exec/obidos/ASIN/1408101033/chopaconline-20
942 _aSADA
_cBK
_k746 REN 2010
_2ddc
999 _c352946
_d352946